000 01182cam a2200133 4500500
005 20260329043110.0
041 _afre
042 _adc
100 1 0 _aParent-Altier, Dominique
_eauthor
245 0 0 _aApproche du scénario - 3e éd.
260 _bArmand Colin,
_c2019.
520 _a"Comment écrire un scénario ?" est la question que se pose tout néophyte intéressé par cette écriture spécifique qui participe à l’élaboration d’un film. Texte écrit en vue d’être filmé, œuvre par définition invisible, le scénario se prête à une analyse rigoureuse déclinée ici à travers cinq grands axes : l’intrigue, le personnage, le conflit, la structure et la mise en page. Au-delà de règles prescriptives, cet ouvrage tente d’apporter au lecteur une compréhension cohérente de ces fondements du scénario. S’appuyant sur des exemples de films appartenant pour la plupart au cinéma populaire contemporain, ce livre explore les fonctions dramaturgiques, les principes et les traditions qui viennent nourrir l’écriture scénaristique.
856 4 1 _uhttps://shs.cairn.info/approche-du-scenario--9782200623593?lang=fr&redirect-ssocas=7080
999 _c1982985
_d1982985